000 00267nam a22001217a 4500
003 SGT
082 _a823
_bMAC
100 _aMACARTHUR BRIAN
245 _aTHE PENGUIN BOOK OF MODERN SPEECHES
260 _aUK
_bPENGUIN PUB
_c2017
300 _a628
942 _2ddc
_cBK
999 _c33720
_d33720